| 000 | 01186nam a22002417a 4500 | ||
|---|---|---|---|
| 008 | 120307s2010 mau|||||r|||| 001 0 eng d | ||
| 020 | _a1450541666 | ||
| 020 | _a9781450541664 | ||
| 082 |
_222 _a005.117 _bSCH |
||
| 100 |
_929271 _aSchedlbauer, Martin J. |
||
| 245 |
_aThe Art of Business Process Modeling : _bthe Business Analyst's Auide to Process Modeling with UML & BPMN / _cby Martin Schedlbauer |
||
| 260 |
_aSudbury, Mass. : _bCathris Group, _cc2010. |
||
| 300 |
_av, 106 p. : _bill. ; _c24 cm. |
||
| 504 | _aIncludes bibliographical references and index. | ||
| 650 |
_911664 _aProject management. |
||
| 650 |
_911535 _aComputer software _xDevelopment. |
||
| 650 |
_912426 _aInformation technology _xManagement. |
||
| 653 |
_bCS _cMarch2012 |
||
| 942 |
_2ddc _cBB |
||
| 999 |
_c16557 _d16557 |
||